[Event "IECC KO email"]
[Site "IECC email"]
[Date "2002.10.20"]
[Round "?"]
[White "Bass, Stanley"]
[Black "Wroblewski, Piotr"]
[Result "1-0"]
[WhiteElo "1759"]
[BlackElo "1938"]
[PlyCount "95"]
[EventDate "2002.??.??"]
[EventType "tourn (corr)"]
[EventRounds "6"]
[SourceTitle "Corr 2008"]
[Source "ChessBase"]
[SourceDate "2008.06.24"]
[SourceVersion "1"]
[SourceVersionDate "2008.06.24"]
[SourceQuality "1"]

1. d4 d5 2. c4 c6 3. Nc3 Nf6 4. e3 a6 5. Nf3 Bf5 6. Nh4 Bg4 7. f3 Bh5 8. g4 Bg6 9. g5 Nfd7 10. Nxg6 hxg6 11. Qb3 Ra7 12. cxd5 cxd5 13. e4 dxe4 14. fxe4 e6 15. Bf4 Nc6 16. Rd1 b5 17. Bg2 Rh4 18. 0-0 Be7 19. Bg3 Rg4 20. Ne2 Rxg5 21. Qc3 Qb6 22. Rc1 Nd8 23. Bf4 Rh5 24. Bc7 Qb7 25. e5 Qc8 26. Ng3 Rg5 27. Qa5 Bb4 28. Qxb4 Rxc7 29. Ne4 Rxg2+ 30. Kxg2 Nb7 31. Rxc7 Qxc7 32. Qd2 Nb6 33. Qc1 Qxc1 34. Rxc1 Kd7 35. Kf3 Nd5 36. Nc3 Ne7 37. a4 b4 38. Ne4 Nd5 39. Nc5+ Nxc5 40. Rxc5 f6 41. Ra5 Nc7 42. h4 Kc6 43. Rc5+ Kd7 44. Rc2 Nd5 45. Rc4 f5 46. b3 g5 47. hxg5 g6 48. a5 1-0

[Event "IECC KO email"]
[Site "IECC email"]
[Date "2002.10.20"]
[Round "?"]
[White "Wroblewski, Piotr"]
[Black "Bass, Stanley"]
[Result "1-0"]
[WhiteElo "1930"]
[BlackElo "1767"]
[PlyCount "75"]
[EventDate "2002.??.??"]
[EventType "tourn (corr)"]
[EventRounds "6"]
[SourceTitle "Corr 2008"]
[Source "ChessBase"]
[SourceDate "2008.06.24"]
[SourceVersion "1"]
[SourceVersionDate "2008.06.24"]
[SourceQuality "1"]

1. d4 Nf6 2. c4 e6 3. Nc3 d5 4. cxd5 exd5 5. Bg5 Be7 6. e3 c6 7. Bd3 h6 8. Bf4 Bg4 9. f3 Bc8 10. Bg3 Nh5 11. Nge2 Nxg3 12. hxg3 Nd7 13. Qc2 Nb6 14. Nf4 Bd6 15. 0-0-0 0-0 16. Qf2 Re8 17. Kb1 Bd7 18. e4 dxe4 19. fxe4 Bg4 20. Rdf1 Qd7 21. e5 Be7 22. Nfe2 Bg5 23. Ka1 Nd5 24. Nxd5 cxd5 25. Ng1 Rac8 26. Nf3 Bd8 27. Qe3 Qe6 28. Nh2 Rc7 29. Nxg4 Qxg4 30. Bf5 Qg5 31. Qf3 g6 32. Bb1 Ree7 33. Qxd5 Red7 34. Qe4 h5 35. Rf4 Qxg3 36. Rhf1 Re7 37. d5 f5 38. Qd4 1-0

[Event "IECG CP.2001.Q.00023 email"]
[Site "IECG email"]
[Date "2002.10.01"]
[Round "?"]
[White "Deschamp, Guy"]
[Black "Wroblewski, Piotr"]
[Result "1/2-1/2"]
[WhiteElo "2275"]
[BlackElo "1891"]
[PlyCount "75"]
[EventDate "2002.10.01"]
[EventType "tourn (corr)"]
[EventRounds "10"]
[EventCountry "GER"]
[SourceTitle "Corr 2008"]
[Source "ChessBase"]
[SourceDate "2008.06.24"]
[SourceVersion "1"]
[SourceVersionDate "2008.06.24"]
[SourceQuality "1"]

1. e4 Nf6 2. e5 Nd5 3. c4 Nb6 4. d4 d6 5. exd6 exd6 6. Be2 Be7 7. Be3 Bf5 8. Nf3 0-0 9. 0-0 Nc6 10. Nc3 Bf6 11. Rc1 Re8 12. d5 Ne5 13. Nd4 Bg6 14. b3 Nbd7 15. f4 Nd3 16. Bxd3 Rxe3 17. Be2 h6 18. b4 Qe7 19. Rf2 Re8 20. Qd2 a6 21. Bf1 Bxd4 22. Qxd4 Bh5 23. a4 b6 24. Rb2 Bg4 25. Rf2 Qh4 26. Qd2 f5 27. Ne2 Nf6 28. Nd4 Ra3 29. g3 Qh5 30. Qb2 Rae3 31. Ne6 Re7 32. c5 Nxd5 33. cxd6 cxd6 34. Rc8+ Kh7 35. Nf8+ Kg8 36. Qd4 Qf7 37. Nd7+ Kh7 38. Nf8+ 1/2-1/2

[Event "IECG CP.2001.Q.00023 email"]
[Site "IECG email"]
[Date "2002.10.01"]
[Round "?"]
[White "Percze, Rajmond"]
[Black "Wroblewski, Piotr"]
[Result "1-0"]
[WhiteElo "2235"]
[BlackElo "1891"]
[PlyCount "53"]
[EventDate "2002.10.01"]
[EventType "tourn (corr)"]
[EventRounds "10"]
[EventCountry "GER"]
[SourceTitle "Corr 2008"]
[Source "ChessBase"]
[SourceDate "2008.06.24"]
[SourceVersion "1"]
[SourceVersionDate "2008.06.24"]
[SourceQuality "1"]

1. e4 Nf6 2. e5 Nd5 3. d4 d6 4. c4 Nb6 5. exd6 exd6 6. Nc3 Be7 7. Be3 0-0 8. Qf3 Bd7 9. Nh3 c6 10. Be2 Na6 11. Nf4 g6 12. 0-0 Re8 13. Rfd1 Nc7 14. c5 Nc8 15. d5 Bf8 16. Bc4 Bg7 17. Nxg6 cxd5 18. Nxd5 Ne6 19. Ngf4 Ng5 20. Qe2 dxc5 21. Nh5 Nd6 22. Nxg7 Kxg7 23. b4 f6 24. bxc5 Nxc4 25. Qxc4 Re6 26. Bxg5 fxg5 27. Ne3 1-0

[Event "IECG CP.2001.Q.00023 email"]
[Site "IECG email"]
[Date "2002.10.01"]
[Round "?"]
[White "Ribeiro, Rogerio"]
[Black "Wroblewski, Piotr"]
[Result "1-0"]
[WhiteElo "1365"]
[BlackElo "1891"]
[PlyCount "53"]
[EventDate "2002.10.01"]
[EventType "tourn (corr)"]
[EventRounds "10"]
[EventCountry "GER"]
[SourceTitle "Corr 2008"]
[Source "ChessBase"]
[SourceDate "2008.06.24"]
[SourceVersion "1"]
[SourceVersionDate "2008.06.24"]
[SourceQuality "1"]

1. Nf3 Nf6 2. d4 g6 3. c4 Bg7 4. g3 0-0 5. Bg2 d6 6. 0-0 Nc6 7. Nc3 a6 8. h3 Rb8 9. e4 b5 10. e5 Nd7 11. Ng5 dxe5 12. Bxc6 exd4 13. Ne2 e5 14. cxb5 axb5 15. f4 Nc5 16. fxe5 d3 17. Nc3 Bxe5 18. Be3 Ne6 19. Nxe6 Bxe6 20. Qf3 b4 21. Nd5 Qd6 22. Rfd1 Bxb2 23. Rab1 Be5 24. Rbc1 b3 25. axb3 Rxb3 26. Bc5 d2 27. Qxb3 1-0

[Event "IECG CP.2001.Q.00023 email"]
[Site "IECG email"]
[Date "2002.10.01"]
[Round "?"]
[White "Wroblewski, Piotr"]
[Black "Lorenzi, Matteo"]
[Result "1/2-1/2"]
[WhiteElo "1891"]
[BlackElo "1356"]
[PlyCount "68"]
[EventDate "2002.10.01"]
[EventType "tourn (corr)"]
[EventRounds "10"]
[EventCountry "GER"]
[SourceTitle "Corr 2008"]
[Source "ChessBase"]
[SourceDate "2008.06.24"]
[SourceVersion "1"]
[SourceVersionDate "2008.06.24"]
[SourceQuality "1"]

1. e4 c5 2. b3 b6 3. Bb2 Bb7 4. Nc3 d6 5. Nf3 Nd7 6. d4 cxd4 7. Nxd4 Ngf6 8. f3 a6 9. Qd2 Rc8 10. Bd3 e6 11. 0-0-0 Be7 12. g4 Nxg4 13. Rhg1 Nge5 14. Be2 g5 15. h4 h6 16. hxg5 hxg5 17. Rh1 Rxh1 18. Rxh1 Bf6 19. Kb1 Ng6 20. Nd1 Qe7 21. Ne3 Kd8 22. Ndf5 exf5 23. Nxf5 Qe6 24. Bxf6+ Qxf6 25. Nxd6 Rb8 26. Qxg5 Qxg5 27. Nxf7+ Ke7 28. Nxg5 Kf6 29. Rd1 Bc8 30. Nh3 Nc5 31. Nf2 Ne6 32. Kc1 Nef4 33. Kd2 a5 34. Bf1 Be6 1/2-1/2

[Event "IECC KO email"]
[Site "IECC email"]
[Date "2002.06.03"]
[Round "?"]
[White "Wroblewski, Piotr"]
[Black "Morganti, Lionello"]
[Result "1-0"]
[WhiteElo "1922"]
[BlackElo "1752"]
[PlyCount "93"]
[EventDate "2002.??.??"]
[EventType "tourn (corr)"]
[EventRounds "6"]
[SourceTitle "Corr 2008"]
[Source "ChessBase"]
[SourceDate "2008.06.24"]
[SourceVersion "1"]
[SourceVersionDate "2008.06.24"]
[SourceQuality "1"]

1. b4 e5 2. Bb2 Bxb4 3. Bxe5 Nf6 4. c4 0-0 5. Nc3 Ng4 6. Bg3 d6 7. e3 Nc6 8. Be2 Nge5 9. Nd5 Ba5 10. f4 Ng6 11. Nf3 Nce7 12. 0-0 Nf5 13. Bf2 c6 14. Nc3 Re8 15. Rc1 Bxc3 16. Rxc3 Qa5 17. a4 Bd7 18. Re1 c5 19. Bd3 Nfe7 20. Bc2 Nc6 21. f5 Nge5 22. Nxe5 Nxe5 23. f6 g6 24. Bg3 Re6 25. Rf1 Bc6 26. Bh4 Nd7 27. Qg4 Qd8 28. Qxe6 fxe6 29. f7+ Kg7 30. Bxd8 Rxd8 31. Rd3 Nf8 32. Bd1 Rd7 33. Bf3 d5 34. Rc3 b6 35. cxd5 exd5 36. d4 c4 37. Rxc4 dxc4 38. Bxc6 Re7 39. e4 Ne6 40. f8Q+ Nxf8 41. Rc1 Ne6 42. Rxc4 Nd8 43. Bd5 Nf7 44. e5 Nxe5 45. dxe5 Rxe5 46. Rc7+ Kf8 47. Bc4 1-0

[Event "IECG RB.2002.0.00008"]
[Site "IECG email"]
[Date "2002.01.16"]
[Round "?"]
[White "Wroblewski, Piotr"]
[Black "Arranja, Armando Jorge da Si"]
[Result "1/2-1/2"]
[WhiteElo "1803"]
[BlackElo "1825"]
[PlyCount "79"]
[EventDate "2002.01.16"]
[EventType "tourn (corr)"]
[EventRounds "6"]
[SourceTitle "Corr 2008"]
[Source "ChessBase"]
[SourceDate "2008.06.24"]
[SourceVersion "1"]
[SourceVersionDate "2008.06.24"]
[SourceQuality "1"]

1. d4 Nf6 2. Bg5 e6 3. e4 Be7 4. e5 Nd5 5. Bxe7 Nxe7 6. Bd3 c5 7. dxc5 Nbc6 8. Nf3 Qa5+ 9. Nc3 Nd5 10. Qd2 Nxc3 11. Qxc3 Qxc3+ 12. bxc3 f6 13. exf6 gxf6 14. Nd4 Ke7 15. 0-0 b6 16. cxb6 axb6 17. Rfb1 Nxd4 18. cxd4 Ba6 19. Rxb6 Bxd3 20. cxd3 Ra4 21. Kf1 Rxd4 22. Rb3 Ra8 23. Ke2 Rda4 24. a3 R8a7 25. Ke3 f5 26. f4 h5 27. g3 Kd6 28. h3 R7a5 29. Rb8 Rxa3 30. Rxa3 Rxa3 31. Rh8 Ra1 32. Rxh5 Rg1 33. Rg5 Kd5 34. h4 Re1+ 35. Kf2 Rd1 36. g4 Rxd3 37. h5 Ke4 38. h6 fxg4 39. Rh5 g3+ 40. Kg2 1/2-1/2

[Event "IECG CB.2001.0.00019 email"]
[Site "IECG email"]
[Date "2001.11.22"]
[Round "?"]
[White "Wroblewski, Piotr"]
[Black "Barkwell, Michael C"]
[Result "1/2-1/2"]
[WhiteElo "1803"]
[BlackElo "1914"]
[PlyCount "46"]
[EventDate "2001.11.22"]
[EventType "tourn (corr)"]
[EventRounds "6"]
[SourceTitle "Corr 2008"]
[Source "ChessBase"]
[SourceDate "2008.06.24"]
[SourceVersion "1"]
[SourceVersionDate "2008.06.24"]
[SourceQuality "1"]

1. e4 e5 2. Nf3 Nc6 3. d4 Nxd4 4. Nxd4 exd4 5. Qxd4 d6 6. Nc3 Nf6 7. Be2 Be7 8. Bf4 0-0 9. 0-0 Re8 10. Nd5 Nxd5 11. Qxd5 Bf6 12. c3 Qe7 13. f3 Be6 14. Qd2 Rad8 15. Rfd1 h6 16. Qe3 a6 17. Rd2 Bh4 18. Qa7 Bg5 19. Bxg5 Qxg5 20. Rdd1 d5 21. Bd3 dxe4 22. Bxe4 Bd5 23. h4 Qg3 1/2-1/2

[Event "IECG CB.2001.0.00019 email"]
[Site "IECG email"]
[Date "2001.11.22"]
[Round "?"]
[White "Wroblewski, Piotr"]
[Black "Marcotulli, Giancarlo"]
[Result "1-0"]
[WhiteElo "1803"]
[BlackElo "1998"]
[PlyCount "83"]
[EventDate "2001.11.22"]
[EventType "tourn (corr)"]
[EventRounds "6"]
[SourceTitle "Corr 2008"]
[Source "ChessBase"]
[SourceDate "2008.06.24"]
[SourceVersion "1"]
[SourceVersionDate "2008.06.24"]
[SourceQuality "1"]

1. e4 e5 2. Nf3 Nc6 3. d4 exd4 4. Nxd4 Nf6 5. Nxc6 bxc6 6. e5 Ne4 7. Nd2 Nxd2 8. Bxd2 d5 9. Bd3 Rb8 10. b3 g6 11. 0-0 Bg7 12. Qc1 0-0 13. Bg5 f6 14. exf6 Bxf6 15. Bxf6 Qxf6 16. Qe3 d4 17. Qg3 Qd6 18. c3 Be6 19. Rfe1 Bd5 20. Qe5 Qxe5 21. Rxe5 dxc3 22. Rc1 a5 23. Rxc3 a4 24. bxa4 Rf4 25. Ra3 Rg4 26. g3 Rgb4 27. f4 Rb2 28. Re2 Rxe2 29. Bxe2 Kf7 30. a5 Ke7 31. a6 c5 32. Kf2 Ra8 33. h4 Ra7 34. Ke3 Kd6 35. h5 c4 36. h6 c6 37. Kd2 Kc5 38. Kc3 Kb5 39. Bg4 Kb6 40. f5 gxf5 41. Bxf5 Bg8 42. g4 1-0

[Event "IECC CL3-2001.29"]
[Site "IECC email"]
[Date "2001.09.10"]
[Round "?"]
[White "Kalyoncuoglu, Ozgur"]
[Black "Wroblewski, Piotr"]
[Result "0-1"]
[WhiteElo "1801"]
[BlackElo "1906"]
[PlyCount "94"]
[EventDate "2001.??.??"]
[EventType "tourn (corr)"]
[EventRounds "4"]
[SourceTitle "Corr 2008"]
[Source "ChessBase"]
[SourceDate "2008.06.24"]
[SourceVersion "1"]
[SourceVersionDate "2008.06.24"]
[SourceQuality "1"]

1. e4 e6 2. d4 d5 3. Nd2 Nf6 4. e5 Nfd7 5. Bd3 c5 6. c3 Nc6 7. Ne2 Qb6 8. Nf3 cxd4 9. cxd4 f6 10. exf6 Nxf6 11. 0-0 Bd6 12. Nc3 0-0 13. Be3 Bd7 14. a3 Be8 15. Ng5 Bd7 16. h3 Rae8 17. Re1 h6 18. Nf3 Re7 19. b4 Be8 20. Rc1 Bh5 21. Nb5 Bb8 22. Nc3 Qc7 23. g4 Nxg4 24. hxg4 Bxg4 25. Nb5 Qb6 26. Be2 Bxf3 27. Bxf3 Qxb5 28. Bg2 Ref7 29. Rc5 Qb6 30. Qg4 Bd6 31. Rc2 Rf6 32. Qh5 a5 33. bxa5 Nxa5 34. Bh3 Bxa3 35. Ra1 Nc4 36. Rxc4 dxc4 37. Rxa3 Qb1+ 38. Kh2 Rxf2+ 39. Bxf2 Rxf2+ 40. Bg2 Rxg2+ 41. Kxg2 Qb2+ 42. Kg1 Qxa3 43. Qe8+ Kh7 44. Qxe6 Qg3+ 45. Kh1 c3 46. Qc8 Qf3+ 47. Kh2 Qf2+ 0-1

[Event "IECC CL3-2001.29"]
[Site "IECC email"]
[Date "2001.09.10"]
[Round "?"]
[White "Plotnikov, Vladimir Anatolievi"]
[Black "Wroblewski, Piotr"]
[Result "0-1"]
[WhiteElo "1833"]
[BlackElo "1898"]
[PlyCount "68"]
[EventDate "2001.??.??"]
[EventType "tourn (corr)"]
[EventRounds "4"]
[SourceTitle "Corr 2008"]
[Source "ChessBase"]
[SourceDate "2008.06.24"]
[SourceVersion "1"]
[SourceVersionDate "2008.06.24"]
[SourceQuality "1"]

1. d4 e6 2. c4 f5 3. g3 Nf6 4. Nf3 d5 5. Bg2 c6 6. 0-0 Bd6 7. b3 Qe7 8. Bf4 Bxf4 9. gxf4 0-0 10. Nbd2 Nbd7 11. e3 Ne4 12. Nxe4 fxe4 13. Ne5 Nxe5 14. fxe5 b6 15. f3 exf3 16. Rxf3 Bd7 17. Qd2 Rxf3 18. Bxf3 Rf8 19. Rf1 Qg5+ 20. Bg2 Rxf1+ 21. Kxf1 Be8 22. Qf2 dxc4 23. bxc4 c5 24. Qf4 Qxf4+ 25. exf4 cxd4 26. Be4 Bh5 27. Ke1 Kf7 28. Kd2 Bg6 29. Bf3 h6 30. a3 Bf5 31. h4 Kg6 32. Ke2 h5 33. Kd2 Bb1 34. Bc6 Kf5 0-1

[Event "IECC CL3-2001.29"]
[Site "IECC email"]
[Date "2001.09.10"]
[Round "?"]
[White "Wroblewski, Piotr"]
[Black "Fuller, Robert A"]
[Result "1/2-1/2"]
[WhiteElo "1912"]
[BlackElo "1785"]
[PlyCount "83"]
[EventDate "2001.??.??"]
[EventType "tourn (corr)"]
[EventRounds "4"]
[SourceTitle "Corr 2008"]
[Source "ChessBase"]
[SourceDate "2008.06.24"]
[SourceVersion "1"]
[SourceVersionDate "2008.06.24"]
[SourceQuality "1"]

1. e4 e6 2. d3 d5 3. Qe2 Nc6 4. Nf3 e5 5. c3 Nf6 6. Qc2 dxe4 7. dxe4 Bc5 8. b4 Bd6 9. Be2 0-0 10. 0-0 a6 11. Rd1 Qe7 12. Nbd2 b5 13. a4 Rb8 14. Nf1 h6 15. Ne3 Rd8 16. Nh4 Be6 17. Nhf5 Qf8 18. axb5 axb5 19. Ra6 Ne7 20. Nxd6 Rxd6 21. Raxd6 cxd6 22. Rxd6 Nc8 23. Ra6 Nd6 24. f3 Qe7 25. Bd3 Qc7 26. Bb2 Nc4 27. Bxc4 Bxc4 28. Qf2 Rd8 29. Ra1 Qd7 30. Nxc4 bxc4 31. Qe2 Qd2 32. Qxd2 Rxd2 33. Rb1 Rc2 34. Ba1 Nd7 35. h4 Nb6 36. Kh2 h5 37. Kh3 f6 38. b5 Kf7 39. g4 hxg4+ 40. Kxg4 g6 41. h5 gxh5+ 42. Kxh5 1/2-1/2

[Event "IECC CL3-2001.09"]
[Site "IECC email"]
[Date "2001.03.07"]
[Round "?"]
[White "Graff, John V"]
[Black "Wroblewski, Piotr"]
[Result "0-1"]
[WhiteElo "1945"]
[BlackElo "1893"]
[PlyCount "72"]
[EventDate "2001.??.??"]
[EventType "tourn (corr)"]
[EventRounds "4"]
[SourceTitle "Corr 2008"]
[Source "ChessBase"]
[SourceDate "2008.06.24"]
[SourceVersion "1"]
[SourceVersionDate "2008.06.24"]
[SourceQuality "1"]

1. a3 b5 2. e4 Bb7 3. Bxb5 Bxe4 4. Nf3 Nf6 5. Nc3 Bb7 6. d4 e6 7. 0-0 Be7 8. Bg5 h6 9. Bf4 0-0 10. Bd3 d6 11. Nd2 Nbd7 12. Nb3 Rc8 13. Re1 c5 14. dxc5 Nxc5 15. Nxc5 Rxc5 16. Be3 Rh5 17. Be2 Re5 18. Qd2 Qa8 19. f3 Nd5 20. Nxd5 Rxd5 21. Bd3 Ba6 22. Rac1 Bxd3 23. cxd3 Bf6 24. Rc4 Qb7 25. Rb1 Rb5 26. b4 d5 27. Rc2 a5 28. Qc1 axb4 29. Rc7 Qb8 30. a4 Ra5 31. Qc6 Be5 32. Rb7 Bxh2+ 33. Kh1 Qd6 34. Qc2 d4 35. Bf2 Rc5 36. Qb2 Rfc8 0-1